The Holy Bible (Record no. 2188)

000 -LEADER
fixed length control field 00727nam a22001697a 4500
005 - DATE AND TIME OF LATEST TRANSACTION
control field 20241030091703.0
008 - FIXED-LENGTH DATA ELEMENTS--GENERAL INFORMATION
fixed length control field 201121s ||||| |||| 00| 0 eng d
040 ## - CATALOGING SOURCE
Original cataloging agency eng
Transcribing agency eng
041 ## - LANGUAGE CODE
Language code of text/sound track or separate title eng
080 ## - UNIVERSAL DECIMAL CLASSIFICATION NUMBER
Universal Decimal Classification number 22
Item number H-75
245 ## - TITLE STATEMENT
Title The Holy Bible
Remainder of title : Old and New Testaments in the King James Version.
Statement of responsibility, etc. / Translated out of the Original Tongues And with Previous Translations Diligently Compared and Revised Self-Pronouncing, Words of Christ in Red, with Read-Along References, Read-Along Translations.
260 ## - PUBLICATION, DISTRIBUTION, ETC.
Place of publication, distribution, etc. Nashville, Tenn.
Name of publisher, distributor, etc. The Southwestern Company
300 ## - PHYSICAL DESCRIPTION
Extent 1855 p. ill. maps.
Other physical details Concordance 125 p.
650 #0 - SUBJECT ADDED ENTRY--TOPICAL TERM
9 (RLIN) 262
Topical term or geographic name entry element Religion
General subdivision Holy Bible
653 ## - INDEX TERM--UNCONTROLLED
Uncontrolled term რელიგია
-- ბიბლია
942 ## - ADDED ENTRY ELEMENTS (KOHA)
Source of classification or shelving scheme
Koha item type Books
Holdings
Withdrawn status Lost status Source of classification or shelving scheme Damaged status Not for loan Permanent location Current location Date acquired Inventory number Total Checkouts Full call number Barcode Date last seen Price effective from Koha item type
          Ken Walker International University Ken Walker International University 03/12/2021 1559   22 H-75 1559 03/12/2021 03/12/2021 Books

Powered by Koha